<?xml version="1.0" encoding="UTF-8"?>
<record
    xmlns:xsi="http://www.w3.org/2001/XMLSchema-instance"
    xsi:schemaLocation="http://www.loc.gov/MARC21/slim http://www.loc.gov/standards/marcxml/schema/MARC21slim.xsd"
    xmlns="http://www.loc.gov/MARC21/slim">

  <leader>00575nam a2200157Ia 4500</leader>
  <controlfield tag="008">220530s9999    xx            000 0 und d</controlfield>
  <datafield tag="020" ind1=" " ind2=" ">
    <subfield code="a">22502106</subfield>
  </datafield>
  <datafield tag="041" ind1=" " ind2=" ">
    <subfield code="a">eng</subfield>
  </datafield>
  <datafield tag="082" ind1=" " ind2=" ">
    <subfield code="a">621(54):050</subfield>
    <subfield code="b">CHA</subfield>
  </datafield>
  <datafield tag="100" ind1=" " ind2=" ">
    <subfield code="a">Chattopadhyay, Ajit K. ( Chief Editor)</subfield>
    <subfield code="9">57739</subfield>
  </datafield>
  <datafield tag="245" ind1=" " ind2=" ">
    <subfield code="a">Journals of The Institution of Engineers(India):Series B</subfield>
  </datafield>
  <datafield tag="260" ind1=" " ind2=" ">
    <subfield code="a">New  Delhi</subfield>
    <subfield code="b">The Institution Engineers ( India)</subfield>
    <subfield code="c">2012</subfield>
  </datafield>
  <datafield tag="300" ind1=" " ind2=" ">
    <subfield code="a">275P.</subfield>
    <subfield code="b">HB</subfield>
    <subfield code="b">Vol.93 Issue  No.  1 to 4</subfield>
  </datafield>
  <datafield tag="440" ind1=" " ind2=" ">
    <subfield code="a">Electrical Engineering , Electronics &amp; Telecommunication Engineering, Computer Engineering</subfield>
    <subfield code="9">57740</subfield>
  </datafield>
  <datafield tag="906" ind1=" " ind2=" ">
    <subfield code="a">0</subfield>
  </datafield>
  <datafield tag="999" ind1=" " ind2=" ">
    <subfield code="c">52078</subfield>
    <subfield code="d">52078</subfield>
  </datafield>
  <datafield tag="952" ind1=" " ind2=" ">
    <subfield code="0">0</subfield>
    <subfield code="1">0</subfield>
    <subfield code="4">0</subfield>
    <subfield code="7">0</subfield>
    <subfield code="a">CEWN</subfield>
    <subfield code="b">CEWN</subfield>
    <subfield code="d">2014-07-21</subfield>
    <subfield code="e">Laxmi Art &amp; Binding Works</subfield>
    <subfield code="l">0</subfield>
    <subfield code="o">621(54):050/CHA/ </subfield>
    <subfield code="p">CEWN-BV-66</subfield>
    <subfield code="r">2022-05-30 00:00:00</subfield>
    <subfield code="w">2022-05-30</subfield>
    <subfield code="y">BV</subfield>
    <subfield code="z">J00066</subfield>
  </datafield>
  <datafield tag="952" ind1=" " ind2=" ">
    <subfield code="0">0</subfield>
    <subfield code="1">0</subfield>
    <subfield code="4">0</subfield>
    <subfield code="7">0</subfield>
    <subfield code="a">CEWN</subfield>
    <subfield code="b">CEWN</subfield>
    <subfield code="d">2015-10-08</subfield>
    <subfield code="e">Laxmi Art &amp; Binding Works</subfield>
    <subfield code="l">0</subfield>
    <subfield code="o">621:050/CHA/ </subfield>
    <subfield code="p">CEWN-BV-225</subfield>
    <subfield code="r">2022-05-30 00:00:00</subfield>
    <subfield code="w">2022-05-30</subfield>
    <subfield code="y">BV</subfield>
    <subfield code="z">J00225</subfield>
  </datafield>
  <datafield tag="952" ind1=" " ind2=" ">
    <subfield code="0">0</subfield>
    <subfield code="1">0</subfield>
    <subfield code="4">0</subfield>
    <subfield code="7">0</subfield>
    <subfield code="a">CEWN</subfield>
    <subfield code="b">CEWN</subfield>
    <subfield code="d">2015-10-08</subfield>
    <subfield code="e">Laxmi Art &amp; Binding Works</subfield>
    <subfield code="l">0</subfield>
    <subfield code="o">621:050/CHA/ </subfield>
    <subfield code="p">CEWN-BV-226</subfield>
    <subfield code="r">2022-05-30 00:00:00</subfield>
    <subfield code="w">2022-05-30</subfield>
    <subfield code="y">BV</subfield>
    <subfield code="z">J00226</subfield>
  </datafield>
  <datafield tag="952" ind1=" " ind2=" ">
    <subfield code="0">0</subfield>
    <subfield code="1">0</subfield>
    <subfield code="4">0</subfield>
    <subfield code="7">0</subfield>
    <subfield code="a">CEWN</subfield>
    <subfield code="b">CEWN</subfield>
    <subfield code="d">2019-03-12</subfield>
    <subfield code="e">Laxmi Art &amp; Binding Works</subfield>
    <subfield code="l">0</subfield>
    <subfield code="o">621:050/DAS</subfield>
    <subfield code="p">CEWN-BV-401</subfield>
    <subfield code="r">2022-05-30 00:00:00</subfield>
    <subfield code="w">2022-05-30</subfield>
    <subfield code="y">BV</subfield>
    <subfield code="z">J00401</subfield>
  </datafield>
  <datafield tag="952" ind1=" " ind2=" ">
    <subfield code="0">0</subfield>
    <subfield code="1">0</subfield>
    <subfield code="4">0</subfield>
    <subfield code="7">0</subfield>
    <subfield code="a">CEWN</subfield>
    <subfield code="b">CEWN</subfield>
    <subfield code="d">2019-03-12</subfield>
    <subfield code="e">Laxmi Art &amp; Binding Works</subfield>
    <subfield code="l">0</subfield>
    <subfield code="o">621:050/CHA/ </subfield>
    <subfield code="p">CEWN-BV-402</subfield>
    <subfield code="r">2022-05-30 00:00:00</subfield>
    <subfield code="w">2022-05-30</subfield>
    <subfield code="y">BV</subfield>
    <subfield code="z">J00402</subfield>
  </datafield>
  <datafield tag="952" ind1=" " ind2=" ">
    <subfield code="0">0</subfield>
    <subfield code="1">0</subfield>
    <subfield code="4">0</subfield>
    <subfield code="7">0</subfield>
    <subfield code="a">CEWN</subfield>
    <subfield code="b">CEWN</subfield>
    <subfield code="d">2019-03-12</subfield>
    <subfield code="e">Laxmi Art &amp; Binding Works</subfield>
    <subfield code="l">0</subfield>
    <subfield code="o">621:050/CHA/ </subfield>
    <subfield code="p">CEWN-BV-403</subfield>
    <subfield code="r">2022-05-30 00:00:00</subfield>
    <subfield code="w">2022-05-30</subfield>
    <subfield code="y">BV</subfield>
    <subfield code="z">J00403</subfield>
  </datafield>
</record>
